| 000 | 00607nam a22002171a 4500 | ||
|---|---|---|---|
| 001 | 7081 | ||
| 003 | OSt | ||
| 005 | 20260204212115.0 | ||
| 008 | 061011s2006||||mx ||||||b||||||||||spa|| | ||
| 020 | _a9706864393 | ||
| 050 | _a658.809 L165f | ||
| 100 | _aLamb, Charles W. | ||
| 245 | _aFundamentos de marketing / Charles W. Lamb, Joseph F. Hair y Carl McDaniel | ||
| 250 | _a4 | ||
| 264 | _aMéxico : Thomson | ||
| 300 | _a590 p | ||
| 500 | _aIncluye glosario, bibliografía e indice | ||
| 650 | _a1.Mercadotecnia - Administración | ||
| 700 | _aHair, Joseph F. II.McDaniel, CarlÌ | ||
| 942 |
_2ddc _cBK |
||
| 999 |
_c7081 _d7081 |
||